Communes Bruxelloisses sur la Carte - Statistiques

Statistiques générales
  • Ce quiz a été pris 94 fois
  • Le résultat moyen est 12 sur 19
Réponses sur la Carte
Les réponses sont colorées sur une échelle allant du rouge au vert en fonction du pourcentage des utilisateurs qui les ont devinées à leur premier essai. Vous pouvez retrouver ces pourcentages ci-dessous.
 
Statistiques - réponses
Population Commune % Correct
178 552 Bruxelles
94%
117 412 Anderlecht
90%
96 586 Molenbeek-Saint-Jean
87%
85 541 Ixelles
79%
81 944 Uccle
73%
50 659 Saint-Gilles
69%
132 590 Schaerbeek
66%
54 311 Woluwe-Saint-Lambert
64%
41 207 Woluwe-Saint-Pierre
63%
47 180 Etterbeek
59%
55 613 Forest
57%
33 161 Auderghem
56%
51 426 Jette
56%
21 638 Koekelberg
51%
39 556 Evere
46%
24 269 Ganshoren
44%
24 619 Watermael-Boitsfort
44%
24 224 Berchem-Sainte-Agathe
41%
27 402 Saint-Josse-ten-Noode
39%
Aucun quiz correspondant
Distribution des résultats
% des personnes avec chaque résultat
Percentile par nombre de réponses
Votre historique - résultats
Vous n’avez pas pris ce quiz